Tổng tập văn học dân gian người Việt Tập 2 Tục ngữ (tiếp theo)

Gồm những câu tục ngữ về những quan niệm đa dạng về nhân sinh, vũ trụ như: ân nghĩa - bội bạc, giao thiệp - ứng xử, giàu - nghèo, sang - hèn

محفوظ في:
التفاصيل البيبلوغرافية
مؤلفون آخرون: Nguyễn Xuân Kính (Chủ biên, b. soạn), Phan Lan Hương (biên soạn)
التنسيق: كتاب
اللغة:Vietnamese
منشور في: H. Khoa học xã hội 2002
الموضوعات:
الوسوم: إضافة وسم
لا توجد وسوم, كن أول من يضع وسما على هذه التسجيلة!
Thư viện lưu trữ: Mạng thư viện Đại học Đà Nẵng
LEADER 01666nam a2200397 4500
001 000005680
003 1827
005 20110822080858.0
008 110819s2002 viesd
020 |c 000đ 
041 0 |a vie 
082 |a 398.9  |b TON 
245 1 0 |a Tổng tập văn học dân gian người Việt  |c Chủ biên, b. soạn Nguyễn Xuân Kính; Phan Lan Hương biên soạn.  |n Tập 2  |p Tục ngữ (tiếp theo) 
260 |a H.  |b Khoa học xã hội  |c 2002 
300 |a 864 tr  |c 24 cm 
500 |a ĐTTS ghi: Trung tâm Khoa học Xã hội và Nhân văn Quốc gia. - Thư mục: tr. 863 - 864 
504 |a T.2: Tục ngữ (tiếp theo) 
520 |a Gồm những câu tục ngữ về những quan niệm đa dạng về nhân sinh, vũ trụ như: ân nghĩa - bội bạc, giao thiệp - ứng xử, giàu - nghèo, sang - hèn 
653 |a Văn học dân gian 
653 |a Việt Nam 
653 |a Tục ngữ 
653 |a Tuyển tập 
700 |a Nguyễn Xuân Kính  |e Chủ biên, b. soạn 
700 |a Phan Lan Hương  |e biên soạn 
773 |t Tổng tập văn học dân gian người Việt  |w 1825 
910 |a Nguyễn Thị Kim Oanh  |d 19/08/2011 
OWN |a LSP 
AVA |a UDN50  |b LSP  |d 398.9 TON  |e available  |t Error 5001 Not defined in file expand_doc_bib_avail.  |f 2  |g 0  |h N  |i 0  |k 1 
999 |a From the UDN01 
AVA |a UDN50  |b LSP  |d 398.9 TON  |e available  |t Error 5001 Not defined in file expand_doc_bib_avail.  |f 2  |g 0  |h N  |i 0  |k 1 
TYP |a Monograph 
TYP |a Printed language 
980 |a Mạng thư viện Đại học Đà Nẵng